Top 100 Best Actresses of All Time - Statistics

General Stats
  • This quiz has been taken 180 times
    178 since last reset
  • The average score is 54 of 100
Answer Stats
Top Actress % Correct
1 Meryl Streep
94%
12 Audrey Hepburn
87%
31 Emma Stone
86%
49 Julia Roberts
85%
2 Katharine Hepburn
85%
5 Bette Davis
81%
28 Viola Davis
80%
17 Elizabeth Taylor
78%
32 Jennifer Lawrence
78%
76 Angelina Jolie
77%
4 Cate Blanchett
77%
44 Anne Hathaway
75%
69 Sharon Stone
75%
36 Maggie Smith
73%
9 Nicole Kidman
73%
81 Sandra Bullock
73%
39 Judi Dench
72%
13 Julianne Moore
72%
11 Jodie Foster
70%
19 Kate Winslet
70%
10 Natalie Portman
70%
89 Catherine Zeta-Jones
69%
43 Amy Adams
68%
24 Charlize Theron
68%
15 Jane Fonda
68%
50 Susan Sarandon
68%
6 Vivien Leigh
68%
38 Kathy Bates
67%
73 Marylin Monroe
67%
3 Ingrid Bergman
66%
25 Scarlett Johansson
65%
34 Diane Keaton
64%
33 Hilary Swank
64%
90 Julie Andrews
64%
21 Emma Thompson
63%
42 Helen Mirren
63%
35 Sally Field
63%
20 Sophia Loren
63%
77 Emily Blunt
62%
7 Frances McDormand
62%
26 Michelle Pfeiffer
61%
46 Margot Robbie
60%
23 Sigourney Weaver
60%
52 Emily Watson
59%
48 Faye Dunaway
59%
63 Natalie Wood
59%
51 Jessica Lange
58%
55 Renée Zellweger
58%
22 Marion Cotillard
57%
16 Glenn Close
56%
70 Helena Bonham Carter
56%
68 Holly Hunter
56%
93 Olivia Colman
56%
41 Penélope Cruz
56%
14 Olivia de Havilland
55%
83 Gwyneth Paltrow
53%
96 Shirley MacLaine
53%
100 Uma Thurman
53%
45 Barbra Streisand
52%
88 Jennifer Connelly
52%
92 Keira Knightley
52%
18 Tilda Swinton
52%
61 Anjelica Huston
50%
87 Annette Bening
50%
56 Jessica Chastain
50%
27 Naomi Watts
50%
75 Rachel Weisz
50%
98 Zendaya
50%
59 Ellen Burstyn
49%
40 Laura Dern
48%
62 Sissy Spacek
48%
78 Michelle Yeoh
47%
74 Winona Ryder
46%
67 Brie Larson
45%
79 Rachel McAdams
45%
91 Salma Hayek
45%
97 Kim Basinger
43%
53 Kirsten Dunst
40%
80 Kristen Stewart
39%
29 Juliette Binoche
38%
95 Vanessa Redgrave
38%
60 Saoirse Ronan
35%
8 Isabelle Huppert
34%
47 Catherine Deneuve
33%
64 Lupita Nyong’o
33%
94 Anna Paquin
30%
72 Florence Pugh
28%
84 Marisa Tomei
28%
65 Rooney Mara
28%
57 Isabelle Adjani
26%
37 Toni Collette
26%
85 Alicia Vikander
25%
54 Monica Bellucci
23%
58 Carey Mulligan
22%
82 Diane Wiest
22%
30 Gena Rowlands
19%
86 Reese Whiterspoon
15%
71 Jena Malone
14%
66 Björk
13%
99 Eva Green
13%
No matching quizzes found
Score Distribution
Percent of People with Each Score
Percentile by Number Answered
Your Score History
You have not taken this quiz since the last reset